Diseño de un protocolo prehospitalario para el manejo de pacientes bajo sustancias psicoactivas / (Registro nro. 29508)

Detalles MARC
000 -LEADER
fixed length control field 01964nam a2200301 i 4500
005 - DATE AND TIME OF LATEST TRANSACTION
control field 20250405174607.0
007 - PHYSICAL DESCRIPTION FIXED FIELD--GENERAL INFORMATION
fixed length control field ta
008 - FIXED-LENGTH DATA ELEMENTS--GENERAL INFORMATION
fixed length control field 190415s2024 000 0 eng d
040 ## - CATALOGING SOURCE
Original cataloging agency CO-CtgCURN
Language of cataloging spa
Transcribing agency coctgcurn
Description conventions rda
082 0# - DEWEY DECIMAL CLASSIFICATION NUMBER
Classification number APH 2024
Item number Z945
100 1# - MAIN ENTRY--PERSONAL NAME
Personal name Zuñiga Malvaceda, Hugo Armando,
Relator term author.
Relationship aut
245 10 - TITLE STATEMENT
Title Diseño de un protocolo prehospitalario para el manejo de pacientes bajo sustancias psicoactivas /
Statement of responsibility, etc. Hugo Armando Zuñiga Malvaceda; Jorge Isaac Donado Garcia; Andres Felipe Meza De Horta; Angel De Jesus Perez Cervantes; docente Visay Paola Garcia Morelos.
260 ## - PUBLICATION, DISTRIBUTION, ETC.
Place of publication, distribution, etc. Cartagena de Indias :
Name of publisher, distributor, etc. Corporación Universitaria Rafael Núñez,
Date of publication, distribution, etc. 2024.
300 ## - PHYSICAL DESCRIPTION
Extent 59 hojas.
336 ## - CONTENT TYPE
Content type term text
Content type code txt
Source rdacontent
337 ## - MEDIA TYPE
Media type term unmediated
Media type code n
Source rdamedia
338 ## - CARRIER TYPE
Carrier type term volume
Carrier type code nc
Source rdacarrier
504 ## - BIBLIOGRAPHY, ETC. NOTE
Bibliography, etc. note Trabajo de grado (Tecnologo en Atencion Prehospitalaria). Corporación Universitaria Rafael Nuñez. Facultad de Ciencias de la Salud. Tecnologia en Atencion Prehospitalaria, 2024.
520 ## - SUMMARY, ETC.
Summary, etc. "El Abuso de Sustancias Psicoactivas es un problema de Salud Pública que está en constante aumento y que está teniendo un impacto significativo en el Sistema de Salud a nivel mundial. Los Tecnólogos en Atención Prehospitalaria, en su rol de primeros respondedores en situaciones de emergencia, se enfrentan regularmente a pacientes que están bajo los efectos de estas sustancias."
650 14 - SUBJECT ADDED ENTRY--TOPICAL TERM
Topical term or geographic name entry element Atención prehospitalaria
Form subdivision Tesis y disertaciones academicas.
700 1# - ADDED ENTRY--PERSONAL NAME
Personal name Donado Garcia, Jorge Isaac.
700 1# - ADDED ENTRY--PERSONAL NAME
Personal name Meza De Horta, Andres Felipe.
700 1# - ADDED ENTRY--PERSONAL NAME
Personal name Pérez Cervantes, Angel De Jesus.
700 1# - ADDED ENTRY--PERSONAL NAME
Personal name Garcia Morelos, Visay Paola,
Relator term docente.
856 ## - ELECTRONIC LOCATION AND ACCESS
Uniform Resource Identifier <a href="https://unicurn.sharepoint.com/:b:/s/biblioteca/EfytYT2eo1VGqiOXFzSOyA0BSqvAfD-bVuiE4fkDVt8_gw?e=eoaptl">https://unicurn.sharepoint.com/:b:/s/biblioteca/EfytYT2eo1VGqiOXFzSOyA0BSqvAfD-bVuiE4fkDVt8_gw?e=eoaptl</a>
Public note Click aqui para ver el recurso en texto completo
942 ## - ADDED ENTRY ELEMENTS (KOHA)
Source of classification or shelving scheme Dewey Decimal Classification
Koha item type Trabajos de grado
Classification part APH 2024
Item part Z945
Existencias
Withdrawn status Lost status Source of classification or shelving scheme Damaged status Not for loan Collection Home library Current library Shelving location Date acquired Source of acquisition Cost, normal purchase price Inventory number Total checkouts Full call number Barcode Date last seen Price effective from Koha item type
    Dewey Decimal Classification     Trabajos de grado Miguel Henríquez Emiliani Miguel Henríquez Emiliani Trabajo de grado 06/01/2019 El autor 350000.00 025444   APH 2024 Z945 025444 04/05/2025 04/05/2025 Trabajos de grado